000 01036nam a2200217Ia 4500
003 Ost
005 20260416102400.0
008 260416s9999||||xx |||||||||||||| ||und||
040 _cfsecg
041 _aara
082 _a350
100 _aبن عاشور، رتيبة
_eمؤلف
245 0 _a مدخل لعلم الإدارة /
_c رتيبة بن عاشور
260 _aالجزائر
_bجامعة الجزائر3: كلية العلوم الإقتصادية، العلوم التجارية وعلوم التسيير
_c2022
300 _a96 ورقة
_bايضاحات
_c12 سم
504 _aالمراجع ص.88
520 _aالإطار المفاهيمي لإدارة الأعمال و طبيعتها ،تطور مدارس الفكر الإداري المدرسة الكلاسيكية ،وظائف الإدارة.
653 _aالادارة
710 _aجامعة الجزائر3: كلية العلوم الإقتصادية، العلوم التجارية وعلوم التسيير
_eناشر علمي
942 _cHANDOUT
999 _c41396
_d41396